| 000 | 00536nam a2200157 i 4500 | ||
|---|---|---|---|
| 001 | 42532 | ||
| 003 | ES-MaACL | ||
| 007 | t| | ||
| 008 | 030404s1892 fr ||||1| fre d | ||
| 100 | 1 |
_aBarrois, Charles. _926037 |
|
| 245 | 1 | 0 |
_aObservations sur le terrain dévonien de la Catalogne / _cpar Charles Barrois. |
| 260 |
_aLille : _b[s.n., _c1892] ( _fImp. Liégeoix-Six) |
||
| 300 |
_ap. [61]-73. ; _c23 cm. |
||
| 500 | _aExtrait des Annales de la Société Géologique du Nord. T.XX, p. 61, 9 Mars 1892. | ||
| 852 |
_aES-MaACL _jT-910-F-8 |
||
| 999 |
_c42532 _d42532 |
||